000 00570nam a2200193Ia 4500
003 GCL
005 20240530100110.0
008 140319s9999 xx 000 0 eng d
040 _aGCL /
_cGCL
082 0 4 _a332.041
_bM C
100 1 _aMARX, KARL
245 1 0 _aCAPITAL /
_cMARX, KARL
_nVO 1 :
_pA CRITICAL ANALYSIS OF CAPITALIST PRODUCTION .
_nVO 2 :
_pA CRITIQUE OF POLITICAL ECONOMY .
260 _a[S.N] :
_bPROGRESS PUBLISHERS ،
_c1966
650 0 4 _aPOLITICAL ECONOMY
650 0 4 _aMARX, KARL
650 0 4 _aECONOMICS
650 0 4 _aCAPITALISM
942 _2ddc
_cBK
999 _c14021
_d14021